Dataset Open Access
Ge, Yuru;
Ganss, Fabian;
Schmidt, Daniel;
Hensel, Daniel;
Bruckhoff, Mike J.;
Sadashivaiah, Sakshath;
Neumann, Bruno;
Brede, Mariana;
Gruner, Markus E.;
Gaal, Peter;
Lünser, Klara;
Fähler, Sebastian
<?xml version='1.0' encoding='UTF-8'?>
<record xmlns="http://www.loc.gov/MARC21/slim">
<leader>00000nmm##2200000uu#4500</leader>
<controlfield tag="005">20260512101944.0</controlfield>
<controlfield tag="001">4659</controlfield>
<datafield tag="700" ind1=" " ind2=" ">
<subfield code="a">Ganss, Fabian</subfield>
<subfield code="0">(orcid)0009-0003-0366-9690</subfield>
</datafield>
<datafield tag="700" ind1=" " ind2=" ">
<subfield code="a">Schmidt, Daniel</subfield>
</datafield>
<datafield tag="700" ind1=" " ind2=" ">
<subfield code="a">Hensel, Daniel</subfield>
<subfield code="0">(orcid)0009-0002-0408-1357</subfield>
</datafield>
<datafield tag="700" ind1=" " ind2=" ">
<subfield code="a">Bruckhoff, Mike J.</subfield>
<subfield code="0">(orcid)0009-0002-3877-5963</subfield>
</datafield>
<datafield tag="700" ind1=" " ind2=" ">
<subfield code="a">Sadashivaiah, Sakshath</subfield>
<subfield code="0">(orcid)0000-0003-0147-1173</subfield>
</datafield>
<datafield tag="700" ind1=" " ind2=" ">
<subfield code="a">Neumann, Bruno</subfield>
<subfield code="0">(orcid)0009-0002-1552-8345</subfield>
</datafield>
<datafield tag="700" ind1=" " ind2=" ">
<subfield code="a">Brede, Mariana</subfield>
</datafield>
<datafield tag="700" ind1=" " ind2=" ">
<subfield code="a">Gruner, Markus E.</subfield>
<subfield code="0">(orcid)0000-0002-2306-1258</subfield>
</datafield>
<datafield tag="700" ind1=" " ind2=" ">
<subfield code="a">Gaal, Peter</subfield>
<subfield code="0">(orcid)0000-0002-5429-0045</subfield>
</datafield>
<datafield tag="700" ind1=" " ind2=" ">
<subfield code="a">Lünser, Klara</subfield>
<subfield code="0">(orcid)0000-0003-3309-7948</subfield>
</datafield>
<datafield tag="700" ind1=" " ind2=" ">
<subfield code="a">Fähler, Sebastian</subfield>
<subfield code="0">(orcid)0000-0001-9450-4952</subfield>
</datafield>
<datafield tag="260" ind1=" " ind2=" ">
<subfield code="c">2025-11-13</subfield>
</datafield>
<datafield tag="520" ind1=" " ind2=" ">
<subfield code="a"><p>Raw data and codes for the publication titled &#39;<strong>Sub-nanosecond structural dynamics of the martensitic transformation in Ni-Mn-Ga</strong>&#39; done by Yuru Ge (FWIN-HZDR) and the colleagues. The order of the figures follows the latest manuscript version before submission, labeled &quot;2025.11.12_DESY-NMG_v10&quot;.&nbsp;</p>
<p>This version 2 contains updates and additional data during paper revsiosn</p></subfield>
</datafield>
<datafield tag="650" ind1="1" ind2="7">
<subfield code="a">cc-by</subfield>
<subfield code="2">opendefinition.org</subfield>
</datafield>
<datafield tag="980" ind1=" " ind2=" ">
<subfield code="a">user-rodare</subfield>
</datafield>
<datafield tag="100" ind1=" " ind2=" ">
<subfield code="a">Ge, Yuru</subfield>
<subfield code="0">(orcid)0000-0002-3977-2505</subfield>
</datafield>
<datafield tag="245" ind1=" " ind2=" ">
<subfield code="a">Data and code publication: Sub-nanosecond structural dynamics of the martensitic transformation in Ni-Mn-Ga</subfield>
</datafield>
<datafield tag="540" ind1=" " ind2=" ">
<subfield code="u">https://creativecommons.org/licenses/by/4.0/legalcode</subfield>
<subfield code="a">Creative Commons Attribution 4.0 International</subfield>
</datafield>
<datafield tag="653" ind1=" " ind2=" ">
<subfield code="a">martensitic transformation</subfield>
</datafield>
<datafield tag="653" ind1=" " ind2=" ">
<subfield code="a">femtosecond laser pulse</subfield>
</datafield>
<datafield tag="653" ind1=" " ind2=" ">
<subfield code="a">time-resolved X-ray diffraction</subfield>
</datafield>
<datafield tag="653" ind1=" " ind2=" ">
<subfield code="a">Ni2MnGa</subfield>
</datafield>
<datafield tag="653" ind1=" " ind2=" ">
<subfield code="a">epitaxial film</subfield>
</datafield>
<datafield tag="653" ind1=" " ind2=" ">
<subfield code="a">machine learned force field simulations</subfield>
</datafield>
<datafield tag="909" ind1="C" ind2="O">
<subfield code="o">oai:rodare.hzdr.de:4659</subfield>
<subfield code="p">openaire_data</subfield>
<subfield code="p">user-rodare</subfield>
</datafield>
<datafield tag="024" ind1=" " ind2=" ">
<subfield code="a">10.14278/rodare.4659</subfield>
<subfield code="2">doi</subfield>
</datafield>
<datafield tag="856" ind1="4" ind2=" ">
<subfield code="s">210</subfield>
<subfield code="u">https://rodare.hzdr.de/record/4659/files/0_ReadMe_11.05.2026.txt</subfield>
<subfield code="z">md5:d76e331757723a1ae7d128ae335ab58e</subfield>
</datafield>
<datafield tag="856" ind1="4" ind2=" ">
<subfield code="s">300854</subfield>
<subfield code="u">https://rodare.hzdr.de/record/4659/files/Figure S6_</subfield>
<subfield code="z">md5:77673cb7be351a208a47d5ddc42fc25c</subfield>
</datafield>
<datafield tag="856" ind1="4" ind2=" ">
<subfield code="s">5894726359</subfield>
<subfield code="u">https://rodare.hzdr.de/record/4659/files/RODARE.zip</subfield>
<subfield code="z">md5:e13919c0da01ce5815b754e2ca12bdea</subfield>
</datafield>
<datafield tag="542" ind1=" " ind2=" ">
<subfield code="l">open</subfield>
</datafield>
<datafield tag="773" ind1=" " ind2=" ">
<subfield code="a">https://www.hzdr.de/publications/Publ-42206</subfield>
<subfield code="i">isIdenticalTo</subfield>
<subfield code="n">url</subfield>
</datafield>
<datafield tag="773" ind1=" " ind2=" ">
<subfield code="a">https://www.hzdr.de/publications/Publ-42200</subfield>
<subfield code="i">isReferencedBy</subfield>
<subfield code="n">url</subfield>
</datafield>
<datafield tag="773" ind1=" " ind2=" ">
<subfield code="a">10.14278/rodare.4111</subfield>
<subfield code="i">isVersionOf</subfield>
<subfield code="n">doi</subfield>
</datafield>
<datafield tag="980" ind1=" " ind2=" ">
<subfield code="a">dataset</subfield>
</datafield>
</record>
| All versions | This version | |
|---|---|---|
| Views | 245 | 42 |
| Downloads | 24 | 12 |
| Data volume | 76.6 GB | 5.9 GB |
| Unique views | 234 | 39 |
| Unique downloads | 24 | 12 |